Srovnání bankovního sektoru v ČR a Rakousku ve 2. pol. 90. let komparativní analýza předních rakouských a českých bank
Všeobecné porovnanie bankového sektora v ČR a v Rakúsku (štruktúra, veľkosť, podiel zahraničného kapitálu, vlastnícka štruktúra). Výsledky komparatívnej analýzy popredných rakúskych a českých bánk (ziskovosť, efektívnosť, produktivita, likvidita, kapitálová primeranosť).
Salvato in:
| Autore principale: | |
|---|---|
| Natura: | Capitolo di libro |
| Lingua: | ceco |
| Soggetti: | |
| Tags: |
Nessun Tag, puoi essere il primo ad aggiungerne!!
|
MARC
| LEADER | 00000naa a2200000 4500 | ||
|---|---|---|---|
| 001 | r035562 | ||
| 005 | 20231002094822.0 | ||
| 041 | 0 | |a cze | |
| 044 | |a CZ | ||
| 245 | 1 | 0 | |a Srovnání bankovního sektoru v ČR a Rakousku ve 2. pol. 90. let |b komparativní analýza předních rakouských a českých bank |c Kateřina Kašová |
| 520 | |a Všeobecné porovnanie bankového sektora v ČR a v Rakúsku (štruktúra, veľkosť, podiel zahraničného kapitálu, vlastnícka štruktúra). Výsledky komparatívnej analýzy popredných rakúskych a českých bánk (ziskovosť, efektívnosť, produktivita, likvidita, kapitálová primeranosť). | ||
| 610 | 2 | 0 | |a bankovníctvo |
| 610 | 2 | 0 | |a porovnanie medzinárodné |
| 610 | 2 | 0 | |a banky |
| 610 | 2 | 0 | |a Česko |
| 610 | 2 | 0 | |a Rakúsko |
| 610 | 2 | 0 | |a kapitál zahraničný |
| 610 | 2 | 0 | |a vlastníctvo |
| 610 | 2 | 0 | |a zisk |
| 610 | 2 | 0 | |a efektívnosť |
| 610 | 2 | 0 | |a produktivita |
| 610 | 2 | 0 | |a likvidita |
| 610 | 2 | 0 | |a primeranosť kapitálová |
| 610 | 2 | 0 | |a analýza komparatívna |
| 610 | 2 | 0 | |a 1995-1997 |
| 100 | 1 | |a Kašová, Kateřina | |